000 00985cam a22002298i 4500
005 20260311115704.0
020 _a9781647826307
041 _aENG
082 0 0 _a658.4092
_bRAM
100 1 _aRamanna, Karthik
245 1 4 _aThe age of outrage :
_bhow to lead in a polarized world /
_cKarthik Ramanna.
260 _aBoston :
_bHarvard Business Review Press ,
_c2024.
300 _axix, 225 pages ;
_c22 cm.
504 _aIncludes index.
505 _aChapter 1: The Age of Outrage -- Chapter 2: Turning Down the Temperature -- Chapter 3: Making Sense of the Moment -- Chapter 4: Scoping the Organization’s Response -- Chapter 5: Understanding the Leader’s Power -- Chapter 6: Building Organizational and Personal Resilience -- Chapter 7: How to Lead in a Polarized World
650 0 _aLeadership.
650 0 _aPolarization (Social sciences)
650 0 _aRight and left (Political science)
650 0 _aCorporate image.
650 0 _aCustomer relations.
942 _2ddc
_cBK
999 _c24284
_d24284